Financial Accountings / An Introduction to Concepts, Methods, and Uses (Record no. 5420)
[ view plain ]
| 000 -LEADER | |
|---|---|
| fixed length control field | 01566cam a22002294a 4500 |
| 005 - ΗΜΕΡΟΜΗΝΙΑ ΚΑΙ ΩΡΑ ΤΕΛΕΥΤΑΙΑΣ ΕΝΗΜΕΡΩΣΗΣ | |
| Πεδίο ελέγχου | 20250605164212.0 |
| 008 - FIXED-LENGTH DATA ELEMENTS--GENERAL INFORMATION | |
| Πεδίο ελέγχου σταθερού μήκους | 250528s ||||||||||||||||||||||||d |
| 035 ## - SYSTEM CONTROL NUMBER | |
| System control number | 20296 |
| 020 ## - ISBN | |
| ISBN | 39202262 |
| 040 ## - ΠΗΓΗ ΚΑΤΑΛΟΓΟΓΡΑΦΗΣΗΣ | |
| Φορέας πρωτότυπης καταλογογράφησης | MC Athens Campus Library |
| Γλώσσα καταλογογράφησης | Ελληνικά, Μοντέρνα (1453-) |
| Modifying agency | MC Athens Campus Library |
| Κανόνες περιγραφικής καταλογογράφησης | AACR2 |
| 245 1# - ΤΙΤΛΟΣ ΚΑΙ ΔΗΛΩΣΗ ΥΠΕΥΘΥΝΟΤΗΤΑΣ | |
| Τίτλος | Financial Accountings / An Introduction to Concepts, Methods, and Uses |
| 260 ## - PUBLICATION, DISTRIBUTION, ETC. | |
| Name of publisher, distributor, etc. | Holt, Rinehart And Winston Of Canada, |
| Date of publication, distribution, etc. | 1982 |
| 300 ## - PHYSICAL DESCRIPTION | |
| Extent | 786 |
| 520 ## - SUMMARY, ETC. | |
| Summary, etc. | Overview of Financial Statements, Overview of Financial Statements and Reporting Process, Accounting Concepts and Methods, Measuring Financial Position - Valuation Principles and Accounting Procedures, Income Statement Measurement Principles and Accounting Procedures, Income Statement - Extensions of the Accrual Concept, Flows of Funds and the Statement of Changes in Financial Position, Introduction to Financial Statement Analysis, Measuring and Reporting Assets and Equities, Cash and Temporary Investments and Receivables, Inventories and Cost of Goods Sold, Long-Lived Assets and Amortization Expense, Liabilities: Introduction, Liabilities: A Closer Look, Owners' Equity, Long-Term Investments in Corporate Securities, Accounting for the Effects of Changing Prices, Synthesis, Appendices, Significance and Implications of Alternative Accounting Policies, Corporate Financial Statements Illustrated and Annotated, Glossary, Index |
| 700 1# - ΠΡΟΣΘΕΤΗ ΑΝΑΓΡΑΦΗ--ΦΥΣΙΚΟ ΠΡΟΣΩΠΟ | |
| Personal name | Davidson Sidney |
| 9 (RLIN) | 6301 |
| 700 1# - ΠΡΟΣΘΕΤΗ ΑΝΑΓΡΑΦΗ--ΦΥΣΙΚΟ ΠΡΟΣΩΠΟ | |
| Personal name | Mitchell L. C |
| 9 (RLIN) | 6302 |
| 700 1# - ΠΡΟΣΘΕΤΗ ΑΝΑΓΡΑΦΗ--ΦΥΣΙΚΟ ΠΡΟΣΩΠΟ | |
| Personal name | Stickney Clyde P |
| 9 (RLIN) | 6303 |
| 700 1# - ΠΡΟΣΘΕΤΗ ΑΝΑΓΡΑΦΗ--ΦΥΣΙΚΟ ΠΡΟΣΩΠΟ | |
| Personal name | Weil L. Roman |
| 9 (RLIN) | 6304 |
| 942 ## - ADDED ENTRY ELEMENTS (KOHA) | |
| Koha item type | Books |
| Τύπος τεκμηρίου | Βιβλιοθήκη | Τρέχουσα τοποθεσία | Barcode | Αριθμός εισαγωγής | Ημερομηνία απόκτησης | Ταξιθετικό σύμβολο | Αριθμός αντιτύπου | Κατάσταση απόσυρσης | Κατάσταση χαμένου | Κατάσταση κατεστραμμένου | Μη δανεισμός | Σύνολο δανεισμών | Ημερομηνία τελευταίας εμφάνισης | Η τιμή ισχύει από |
|---|---|---|---|---|---|---|---|---|---|---|---|---|---|---|
| Books | MC Athens Campus Library | MC Athens Campus Library | 9780000054197 | 6654 | 05/06/2025 | 657/.044 DAV | 1 | 05/06/2025 | 05/06/2025 |